メープルシロップの輸出量が多い国 - Statistics

General Stats
  • This quiz has been taken 85 times
  • The average score is 7 of 10
Answer Stats
輸出額 % Correct
カナダ 3億2,392万ドル
100%
アメリカ 27.50万ドル
94%
ドイツ 973万ドル
78%
フランス 351万ドル
76%
イギリス 297万ドル
76%
オランダ 13.90万ドル
60%
デンマーク 860万ドル
60%
アイルランド 61万6944ドル
57%
チェコ 40万9931ドル
39%
ハンガリー 50万1360ドル
33%
No matching quizzes found
Score Distribution
Percent of People with Each Score
Percentile by Number Answered
Your Score History
You have not taken this quiz